| 000 | 00363nam a2200133Ia 4500 | ||
|---|---|---|---|
| 005 | 20251222141826.0 | ||
| 008 | 251222s9999||||xx |||||||||||||| ||spa|| | ||
| 020 | _a978-603-4030-05 | ||
| 082 | _a726.098.5/S21A | ||
| 100 | _aSan Cristóbal SebastÃon, Antonio | ||
| 245 | 0 | _aArquitectura Virreinal Religiosa de Lima | |
| 264 | _bFondo Editorial UCSS | ||
| 942 | _cLIB | ||
| 999 |
_c6957 _d6957 |
||